| 000 | 00944nam a2200289 a 4500 | ||
|---|---|---|---|
| 003 | MX-MxUPN | ||
| 005 | 20241109063736.0 | ||
| 008 | 190814s2004 mx a rb 000 0 spa d | ||
| 020 | _a9687456892 | ||
| 035 | _aUPN01000232005 | ||
| 040 |
_aMX-MxUPN _bspa _cMX-MxUPN |
||
| 041 | 0 | _aspa | |
| 050 | 1 | 4 |
_aHQ23 _bR65 2004 |
| 100 | 1 |
_aRomo Reza, Sinú _946974 |
|
| 100 | 1 |
_aPapadimitriou, Greta, _d1964- _946975 |
|
| 245 | 1 | 0 |
_aSistema sexo-género : _bguía metodológica |
| 260 |
_aMéxico, D.F. : _bComisión de Derechos Humanos del Distrito Federal, _c2004. |
||
| 300 |
_a151 páginas : _bilustraciones |
||
| 490 | 0 |
_aGuía didáctica para la educación en derechos humanos ; _v2 |
|
| 504 | _aIncluye referencias bibliográficas. | ||
| 650 | 7 |
_aDerechos sexuales _2 _946977 |
|
| 650 | 4 |
_aDerechos humanos _95797 |
|
| 650 | 4 |
_aIdentidad de género _912839 |
|
| 902 | _aVíctor Ruiz/051022 | ||
| 942 |
_2lcc _cLIBRO |
||
| 999 |
_c204100 _d204100 |
||